Marvel Country Flag Quiz #6 - Statistics

General Stats
  • This quiz has been taken 11 times
  • The average score is 6 of 7
Answer Stats
Picture Answer % Correct
Invisible Woman
100%
Spider-Woman
100%
Yelena Belova
100%
France
91%
Shuri
91%
White Tiger
91%
Red Wolf
36%
No matching quizzes found
Score Distribution
Percent of People with Each Score
Percentile by Number Answered
Your Score History
You have not taken this quiz